000
00196 a2200097 4500
020
_a
9780794541750
041
_a
eng
100
_a
Mackinnon, Mairi
245
_a
The lion and the mouse
942
_c
BK
999
_c
31634
_d
31632